| 000 | 03685cam a22007214i 4500 | ||
|---|---|---|---|
| 003 | PE-LiUPU | ||
| 005 | 20250731170439.0 | ||
| 008 | 150625s r 000 0 d | ||
| 020 | _a8448136705 | ||
| 035 | _a(Sirsi) i9788448136703 | ||
| 040 |
_aPE-LiUPU _bspa _cPE-LiUPU _erda |
||
| 049 | _aPRUA | ||
| 082 | 0 | 4 |
_a001.42 _bL46 2003 |
| 082 | 0 | 4 |
_a150.72 _bL46 _221 |
| 100 | 1 |
_aLeón, Orfelio G., _eautor. |
|
| 245 | 1 | 0 |
_aMétodos de investigación : _ben psicología y educación / _cOrfelio G. León. |
| 250 | _aTercera edición | ||
| 264 | 1 |
_aMadrid : _bMcGraw-Hill Interamericana de España, _c2003. |
|
| 300 |
_a454 páginas : _bilustraciones ; _c24 centímetros. |
||
| 336 |
_atext _2rdacontent |
||
| 337 |
_aunmediated _2rdamedia |
||
| 338 |
_avolume _2rdacarrier |
||
| 504 | _aIncluye referencias bibliográficas. | ||
| 505 | 0 | _aLa investigación y el conocimiento. -El problema, los participantes y la evidencia empírica .-Métodos Descriptivos:La observación. -Encuestas. -Metodologías Cualitativas. -Métodos Experimentales: La lógica de la experimentación. -Diseños Experimentales con Grupos De Sujetos Distintos. -Diseños Experimentales con los Mismos Sujetos. -Diseños Factoriales. - Investigación Aplicada: Diseños Experimentales De Caso Unico. -Diseños Cuasi Experimentales. -Diseños"Ex Post Facto". -Complementos Metodológicos: El Informe De Investigación. -La Investigación Con Individuos Clónicos. | |
| 526 | _aSEG68 | ||
| 526 | _aSEG70 | ||
| 526 | _aSEG69 | ||
| 526 | _aSEG67 | ||
| 526 | _aSEG43 | ||
| 526 | _aP144 | ||
| 526 | _aP143 | ||
| 526 | _aP131 | ||
| 526 | _aP122 | ||
| 526 | _aP120 | ||
| 526 | _aP117 | ||
| 526 | _aP112 | ||
| 526 | _aP110 | ||
| 526 | _aP106 | ||
| 526 | _aP101 | ||
| 526 | _aP80 | ||
| 526 | _aP59 | ||
| 526 | _aP54 | ||
| 526 | _aP35 | ||
| 526 | _aP33 | ||
| 526 | _aP30 | ||
| 541 | _g0012-0003097; | ||
| 541 | _g015-0010730; | ||
| 650 | 0 | 4 |
_aClonación _xReferencias. |
| 650 | 0 | 4 | _aInvestigación (Psicología). |
| 650 | 0 | 4 |
_aPsicología _xInvestigaciones _vMetodología. |
| 700 | 1 | _aMontero, Ignacio. | |
| 910 |
_btqv _cwelc _d20160711 |
||
| 942 |
_2ddc _cBOOK |
||
| 949 |
_a001.42 L46 2003 _wDEWEY _c1 _iFJ00773 _d2016-11-27 _e2016-11-24 _lCCODEBUJ1 _mBUJ _n3 _p39.00 _r0 _sY _tBOOK _u2016-7-11 _xEDUCACION _PP20 _0COMPRA _o.STAFF. Colección General Juliaca |
||
| 949 |
_a150.72 L46 _wDEWEY _c2 _i55349 _lCCODEBUL1 _mBUL _r0 _sY _tBOOK _u2015-6-25 _xSALUD _PP33 _0COMPRA _o.CIRCNOTE. No olvidar cambiar la fecha de devolución!!!!!!! _o.STAFF. Colección General |
||
| 949 |
_aPGE 150.72 L46 2003 _wDEWEY _c1 _i60207 _lCCODEBUL1 _mBUL _p36.00 _r0 _sY _tBOOK _u2015-6-25 _xEDUCACION _PP57 _0COMPRA _o.CIRCNOTE. No olvidar cambiar la fecha de devolución!!!!!!! _o.STAFF. Colección General |
||
| 994 |
_aC0 _bPEPRU |
||
| 596 | _a1 3 | ||
| 999 |
_aPGE 150.72 L46 _wDEWEY _c44258 _i60207 _d44258 _e2019-3-12 _f2021-11-8 _g5 _lCCODEBUL1 _mBUL _n2 _p36.00 _q2 _r0 _sY _tBOOK _u2015-6-25 _xEDUCACION _PP57 _0COMPRA _o.CIRCNOTE. No olvidar cambiar la fecha de devolución!!!!!!! _o.STAFF. Colección General |
||
| 999 |
_a150.72 L46 _wDEWEY _c2 _i55349 _d2018-6-25 _f2019-12-9 _g4 _lDISCARD _mBUL _q1 _r1 _sY _tBOOK _u2015-6-25 _xSALUD _PP33 _0COMPRA _o.CIRCNOTE. No olvidar cambiar la fecha de devolución!!!!!!! _o.STAFF. Colección General |
||
| 999 |
_a001.42 L46 2003 _wDEWEY _c1 _iFJ00773 _d2019-10-16 _e2017-11-21 _f2021-12-27 _g4 _lCCODEBUJ1 _mBUJ _n4 _p39.00 _q3 _r0 _sY _tBOOK _u2016-7-11 _xEDUCACION _PP20 _0COMPRA _o.STAFF. Colección General Juliaca |
||
| 980 |
_81 _gALBERTO SANCHEZ Responsable de Automatización |
||